[Event "Kishinev ULIM Cup"]
[Site "Kishinev"]
[Date "2001.10.11"]
[Round "5"]
[White "Solonar, Ion"]
[Black "Prociuc, Evgenii"]
[Result "1-0"]
[WhiteElo "2344"]
[BlackElo "2020"]
[PlyCount "73"]
[EventDate "2001.10.07"]
[EventType "swiss"]
[EventRounds "9"]
[EventCountry "MDA"]
[SourceTitle "EXT 2002"]
[Source "ChessBase"]
[SourceDate "2001.11.25"]
[SourceVersion "1"]
[SourceVersionDate "2001.11.25"]
[SourceQuality "1"]

1. e4 e6 2. d4 d5 3. Nc3 dxe4 4. Nxe4 Nf6 5. Nxf6+ Qxf6 6. Nf3 Qd8 7. Bd3 Nd7 8. 0-0 Be7 9. Re1 0-0 10. c3 c5 11. Qc2 h6 12. Bf4 Nf6 13. Rad1 Bd7 14. dxc5 Bxc5 15. Ne5 Qc8 16. Qe2 Bc6 17. b4 Be7 18. b5 Be8 19. Qd2 Nd5 20. Bc4 Nxf4 21. Qxf4 Qc5 22. a4 Bd6 23. Qd4 Qxd4 24. Rxd4 Bc5 25. Rdd1 a6 26. Kf1 axb5 27. axb5 Be7 28. f4 Rc8 29. Kf2 Bf6 30. Re4 Bxe5 31. fxe5 Rc5 32. Rc1 Bd7 33. Rd4 Rfc8 34. Rxd7 Rxc4 35. Rxb7 Rxc3 36. Rxc3 Rxc3 37. b6 1-0

[Event "Kishinev ULIM Cup"]
[Site "Kishinev"]
[Date "2001.10.09"]
[Round "3"]
[White "Solonar, Ion"]
[Black "Bargan, Sergei"]
[Result "0-1"]
[WhiteElo "2344"]
[BlackElo "2217"]
[PlyCount "88"]
[EventDate "2001.10.07"]
[EventType "swiss"]
[EventRounds "9"]
[EventCountry "MDA"]
[SourceTitle "EXT 2002"]
[Source "ChessBase"]
[SourceDate "2001.11.25"]
[SourceVersion "1"]
[SourceVersionDate "2001.11.25"]
[SourceQuality "1"]

1. e4 c6 2. d4 d5 3. Nc3 dxe4 4. Nxe4 Nd7 5. Bc4 Ngf6 6. Ng5 e6 7. Qe2 Nb6 8. N1f3 Nxc4 9. Qxc4 h6 10. Nh3 Qd5 11. Qd3 g5 12. Ne5 Qxg2 13. Rg1 Qe4+ 14. Qxe4 Nxe4 15. f3 Nd6 16. f4 f6 17. Ng6 Rg8 18. Nxf8 Kxf8 19. Nf2 Kf7 20. Bd2 b6 21. 0-0-0 Ba6 22. Rde1 Rad8 23. b3 Nf5 24. c3 Nh4 25. Rg3 Nf5 26. Rgg1 Rd5 27. Ng4 Rdd8 28. Kc2 Rh8 29. Rg2 c5 30. dxc5 Bd3+ 31. Kb2 bxc5 32. Rf2 c4 33. Ne3 Nd6 34. Bc1 Kg6 35. Rg1 Kf7 36. Ng4 h5 37. Ne3 g4 38. Re1 f5 39. bxc4 Ne4 40. Rg2 Rb8+ 41. Ka3 Rb6 42. Ka4 Nc5+ 43. Ka5 Rhb8 44. Nxf5 Ra6# 0-1

[Event "Wch Seniors 07th"]
[Site "Bad Wildbad"]
[Date "1997.??.??"]
[Round "10.20"]
[White "Solonar, Ion"]
[Black "Kelchner, Hans"]
[Result "1-0"]
[WhiteElo "2310"]
[BlackElo "2150"]
[PlyCount "105"]
[EventDate "1997.11.13"]
[EventType "swiss"]
[EventRounds "11"]
[EventCountry "GER"]
[SourceTitle "EXT 1999"]
[Source "ChessBase"]
[SourceDate "1998.11.16"]
[SourceVersion "1"]
[SourceVersionDate "1998.11.16"]
[SourceQuality "1"]

1. e4 g6 2. Nf3 Bg7 3. d4 c6 4. Bd3 d5 5. e5 Bg4 6. h3 Bxf3 7. Qxf3 e6 8. 0-0 b5 9. a4 bxa4 10. Nc3 Nd7 11. Nxa4 Qc7 12. b3 Nb6 13. Nc5 Ne7 14. Ba3 0-0 15. Bb4 Rfe8 16. Ra6 Nec8 17. Rfa1 Bf8 18. Ba5 Qb8 19. b4 Rd8 20. h4 Qc7 21. h5 Qe7 22. hxg6 hxg6 23. Qg4 Qe8 24. f4 Bg7 25. b5 cxb5 26. Nb7 Rb8 27. Nxd8 Qxd8 28. Bxb5 Qe7 29. c3 Nc4 30. Bxc4 dxc4 31. Rc6 Qb7 32. Qf3 Qb3 33. Rd1 Ne7 34. Rc7 Nd5 35. Rxa7 Bf8 36. Rf1 Qc2 37. f5 Qxf5 38. Rxf7 Qxf3 39. R1xf3 Bh6 40. Rd7 Rb1+ 41. Kh2 Rb5 42. Bc7 Nf4 43. Kg3 Nh5+ 44. Kg4 Rb2 45. g3 Rg2 46. Rd8+ Kh7 47. Rd7+ Bg7 48. Bd8 Kg8 49. Bh4 Re2 50. Kh3 Bh6 51. Rd8+ Kh7 52. Bf6 Bg7 53. g4 1-0